[Event "COL-ch Amateur U1700"]
[Site "Paipa"]
[Date "2020.03.01"]
[Round "9"]
[White "Ramos Ortiz, Carlos Alberto"]
[Black "Lopez Parra, Carlos Alberto"]
[Result "1-0"]
[WhiteElo "1501"]
[BlackElo "1570"]
[PlyCount "87"]
[EventDate "2020.02.26"]
[EventType "swiss"]
[EventRounds "9"]
[EventCountry "COL"]
[SourceTitle "EXT 2021"]
[Source "ChessBase"]
[SourceDate "2020.10.23"]
[SourceVersion "1"]
[SourceVersionDate "2020.10.23"]
[SourceQuality "1"]

1. c4 e6 2. Nc3 d5 3. g3 Nf6 4. Bg2 c6 5. d4 Bb4 6. a3 Bxc3+ 7. bxc3 Nbd7 8. Nf3 0-0 9. 0-0 Ne4 10. Qc2 f5 11. cxd5 exd5 12. c4 Ndf6 13. Ne5 Be6 14. f3 Nd6 15. c5 Nf7 16. Bf4 Nh5 17. Nxf7 Rxf7 18. Be5 Nf6 19. Rab1 Qd7 20. Rb2 Qe8 21. Bxf6 gxf6 22. f4 Rd8 23. Rfb1 Bc8 24. Bh3 Qe3+ 25. Kf1 Qxd4 26. Bxf5 Bxf5 27. Qxf5 Rdd7 28. Rxb7 Rxb7 29. Rxb7 Qd1+ 30. Kf2 Qd4+ 31. Kg2 Qe4+ 32. Qxe4 dxe4 33. Rxf7 Kxf7 34. f5 Kg7 35. g4 h5 36. gxh5 Kh6 37. h4 Kxh5 38. Kg3 e3 39. a4 a5 40. Kh3 Kh6 41. Kg4 Kg7 42. Kf4 Kh6 43. Kxe3 Kh5 44. Kf4 1-0

[Event "Uniagraria AlphaZero op 2nd"]
[Site "Uniagraria"]
[Date "2019.11.10"]
[Round "4"]
[White "Lopez Parra, Carlos Alberto"]
[Black "Alvarez Cerbero, Julio Enrique"]
[Result "0-1"]
[WhiteElo "1643"]
[BlackElo "1499"]
[PlyCount "95"]
[EventDate "2019.11.08"]
[EventType "swiss"]
[EventRounds "7"]
[EventCountry "COL"]
[SourceTitle "CBM 193 Extra"]
[Source "ChessBase"]
[SourceDate "2020.01.31"]
[SourceVersion "1"]
[SourceVersionDate "2020.01.31"]
[SourceQuality "1"]

1. c4 e5 2. Nc3 c6 3. Nf3 d6 4. g3 Bg4 5. Bg2 Nf6 6. d3 Be7 7. 0-0 0-0 8. a3 a5 9. b3 Qc8 10. Qc2 Bh3 11. Ng5 Bxg2 12. Kxg2 Nbd7 13. Bd2 d5 14. e4 dxe4 15. Ncxe4 Nxe4 16. Nxe4 f5 17. Nc3 f4 18. f3 fxg3 19. hxg3 Qe8 20. Rh1 Qg6 21. Ne4 Nf6 22. Rh3 Nh5 23. Rah1 Nf4+ 24. Bxf4 exf4 25. g4 h6 26. c5 Rad8 27. Rh5 Rd4 28. Re5 Bf6 29. Re6 Rfd8 30. Rd6 R8xd6 31. cxd6 Be5 32. Rh5 Bxd6 33. Qc3 Rd5 34. Qc4 b5 35. Qxc6 Rxh5 36. Qxd6 Qxd6 37. Nxd6 Rd5 38. Nb7 a4 39. bxa4 bxa4 40. d4 Rxd4 41. Nc5 Kf7 42. Kf2 g5 43. Ke2 Rc4 44. Ne4 Rxe4+ 45. fxe4 Ke6 46. Kd2 Kd6 47. Ke2 Ke5 48. Kd3 0-1

[Event "Uniagraria AlphaZero op 2nd"]
[Site "Uniagraria"]
[Date "2019.11.08"]
[Round "1"]
[White "Lopez Parra, Carlos Alberto"]
[Black "Florez, Luis Angel"]
[Result "0-1"]
[WhiteElo "1643"]
[BlackElo "2133"]
[PlyCount "112"]
[EventDate "2019.11.08"]
[EventType "swiss"]
[EventRounds "7"]
[EventCountry "COL"]
[SourceTitle "CBM 193 Extra"]
[Source "ChessBase"]
[SourceDate "2020.01.31"]
[SourceVersion "1"]
[SourceVersionDate "2020.01.31"]
[SourceQuality "1"]

1. d4 Nf6 2. Nf3 e6 3. Bg5 d5 4. e3 c5 5. Nbd2 Nc6 6. c3 Bd6 7. Bd3 0-0 8. 0-0 e5 9. dxe5 Nxe5 10. Nxe5 Bxe5 11. Qc2 h6 12. Bf4 Bxf4 13. exf4 Qd6 14. g3 Bh3 15. Rfe1 Rfe8 16. Nf3 d4 17. Bf5 Bxf5 18. Qxf5 dxc3 19. bxc3 Qd5 20. Ne5 Rad8 21. c4 Qe6 22. Qxe6 Rxe6 23. f3 Rd2 24. Red1 Red6 25. Rxd2 Rxd2 26. h4 Nh5 27. g4 Nxf4 28. Re1 f6 29. h5 fxe5 30. Rxe5 Rxa2 31. Rxc5 a5 32. Rb5 Ne2+ 33. Kf1 Nd4 34. Rxb7 Nxf3 35. c5 Rc2 36. Rb5 a4 37. Ra5 Rc4 38. c6 Nh2+ 39. Kg1 Nxg4 40. Ra8+ Kh7 41. c7 Rxc7 42. Rxa4 Nf6 43. Ra5 Rc4 44. Kg2 Rh4 45. Kg3 Rxh5 46. Ra7 Rb5 47. Kh4 Rb4+ 48. Kg3 h5 49. Kh3 Kh6 50. Ra6 Rb3+ 51. Kh2 h4 52. Ra4 Kh5 53. Ra5+ g5 54. Ra4 Rb2+ 55. Kg1 Ng4 56. Ra1 h3 0-1

[Event "Bogota Mayores Alcaldia op 8th"]
[Site "Bogota"]
[Date "2018.06.09"]
[Round "2"]
[White "Lopez Parra, Carlos Alberto"]
[Black "Castillo, Ricardo"]
[Result "0-1"]
[WhiteElo "1645"]
[BlackElo "1948"]
[PlyCount "66"]
[EventDate "2018.06.08"]
[EventType "swiss"]
[EventRounds "7"]
[EventCountry "COL"]
[SourceTitle "CBM 184 Extra"]
[Source "ChessBase"]
[SourceDate "2018.06.28"]
[SourceVersion "1"]
[SourceVersionDate "2018.06.28"]
[SourceQuality "1"]

1. d4 Nf6 2. Nf3 g6 3. g3 Bg7 4. Bg2 0-0 5. 0-0 d6 6. c3 Nbd7 7. Nbd2 c6 8. Qc2 e5 9. e3 Re8 10. dxe5 Nxe5 11. Nxe5 Rxe5 12. h3 Rh5 13. h4 Re5 14. Nc4 Re8 15. e4 Be6 16. Ne3 Qc7 17. c4 Rad8 18. Bd2 Qd7 19. Bc3 Bh3 20. Rfe1 Bxg2 21. Nxg2 Qg4 22. Nf4 h6 23. Kg2 Nh5 24. Nxh5 Qxh5 25. Bxg7 Kxg7 26. f3 Re6 27. Rad1 Rde8 28. Qc3+ Kh7 29. b4 b5 30. g4 Qxh4 31. Rh1 Qf6 32. Qd2 g5 33. Rxh6+ Kxh6 0-1

[Event "COL-ch Amateur U1700"]
[Site "Bogota"]
[Date "2017.03.04"]
[Round "5"]
[White "Rodriguez Gamboa, Juan Santiago"]
[Black "Lopez Parra, Carlos Alberto"]
[Result "1-0"]
[WhiteElo "1636"]
[BlackElo "1636"]
[PlyCount "178"]
[EventDate "2017.03.02"]
[EventType "swiss"]
[EventRounds "7"]
[EventCountry "COL"]
[SourceTitle "CBM 177 Extra"]
[Source "ChessBase"]
[SourceDate "2017.04.27"]
[SourceVersion "1"]
[SourceVersionDate "2017.04.27"]
[SourceQuality "1"]

1. e4 e5 2. Nf3 Nc6 3. d4 exd4 4. Nxd4 d6 5. Nc3 Nf6 6. Bb5 Bd7 7. 0-0 Be7 8. Be3 0-0 9. Re1 Ne5 10. Bxd7 Qxd7 11. Qe2 a6 12. Nf5 Rfe8 13. Nxe7+ Qxe7 14. Bg5 Qe6 15. Rad1 Rac8 16. f4 Ned7 17. Qf3 Qg4 18. Qxg4 Nxg4 19. h3 f6 20. Bh4 Nh6 21. Bf2 Nf7 22. Nd5 Nf8 23. Bd4 Ng6 24. g3 Ne7 25. Nc3 Nc6 26. Bf2 h6 27. h4 h5 28. Kg2 Nh6 29. Nd5 Ng4 30. Bg1 Nd8 31. Kf3 Nf7 32. Ne3 Nfh6 33. Nxg4 Nxg4 34. c4 b6 35. Rd5 g6 36. b4 Re6 37. c5 bxc5 38. bxc5 Rb8 39. Red1 Rb2 40. a4 Rb3+ 41. R1d3 Rb1 42. cxd6 cxd6 43. Rd1 Rb3+ 44. R5d3 Rb4 45. Rxd6 Rbxe4 46. Rd8+ Kf7 47. R1d7+ Re7 48. Rxe7+ Kxe7 49. Kxe4 Kxd8 50. Kd5 Kd7 51. Bd4 Kc7 52. a5 Kd7 53. Bg1 f5 54. Bd4 Kc7 55. Kc5 Kb7 56. Bc3 Kc7 57. Be5+ Nxe5 58. fxe5 g5 59. hxg5 h4 60. g6 h3 61. g7 h2 62. g8Q h1Q 63. Qf7+ Kb8 64. Qxf5 Qc1+ 65. Kb6 Qe3+ 66. Kxa6 Qa7+ 67. Kb5 Qb7+ 68. Kc4 Qc6+ 69. Kd3 Qd5+ 70. Ke3 Qb3+ 71. Kf4 Qc4+ 72. Qe4 Qc1+ 73. Kg4 Qd1+ 74. Qf3 Qd4+ 75. Qf4 Qd7+ 76. Qf5 Qd4+ 77. Kg5 Qd2+ 78. Qf4 Qd8+ 79. Qf6 Qg8+ 80. Kf4 Qc4+ 81. Kf5 Qd3+ 82. Kg4 Qe2+ 83. Kg5 Qe3+ 84. Kg6 Qe4+ 85. Qf5 Qc6+ 86. e6 Qd6 87. g4 Qc7 88. Qf6 Qxa5 89. e7 Qb5 1-0

[Event "COL pre olympic sf"]
[Site "Bogota"]
[Date "2016.05.25"]
[Round "1"]
[White "Lopez Parra, Carlos Alberto"]
[Black "Pedraza, Yonnattanth"]
[Result "0-1"]
[WhiteElo "1639"]
[BlackElo "2214"]
[PlyCount "80"]
[EventDate "2016.05.25"]
[EventType "swiss"]
[EventRounds "9"]
[EventCountry "COL"]
[SourceTitle "CBM 172 Extra"]
[Source "ChessBase"]
[SourceDate "2016.06.21"]
[SourceVersion "1"]
[SourceVersionDate "2016.06.21"]
[SourceQuality "1"]

1. d4 Nf6 2. c4 e6 3. Nf3 b6 4. g3 Bb7 5. Bg2 Be7 6. 0-0 0-0 7. Nc3 Ne4 8. Qc2 Nxc3 9. bxc3 f5 10. Nd2 Bxg2 11. Kxg2 Nc6 12. f4 Qc8 13. e4 Na5 14. d5 Qa6 15. Qd3 Bc5 16. Bb2 c6 17. dxc6 dxc6 18. Rfd1 Rad8 19. Qe2 Rd6 20. Nb3 Qxc4 21. Qxc4 Nxc4 22. Rxd6 Bxd6 23. e5 Bc7 24. Rb1 Rd8 25. Kf3 a5 26. Ke2 a4 27. Nd4 Kf7 28. Bc1 c5 29. Nc2 Rb8 30. Kd3 b5 31. a3 Ke8 32. Ne3 Nxe3 33. Kxe3 Kd7 34. Bb2 Kc6 35. Rd1 b4 36. cxb4 cxb4 37. axb4 Rxb4 38. Bd4 a3 39. Kd3 Kb5 40. Kc2 Kc4 0-1